=LDR 00000nam 2200000 4500 =001 NUTBA000000000002178 =005 20140606155650.0 =006 =007 =008 =035 ##$$a 0010-061400000000121 =082 ##$$a 330.1-Win-a =100 ##$$a DR.Winardi,SE =245 ##$$a Azaz-azaz ekonomi modern =260 ##$$a Bandung $b Alumni $c 1981 =300 ##$$a xvi,254 hlm $c 21 cm =850 ##$$a nbpnmat =990 ##$$a 21400613/BPAP-NTB/20142014